02363ngm a22002297a 450000500170000000800410001705000270005824501340008524600230021926000440024230000550028650800810034151100700042252014660049252100080195853800080196654600350197465000240200970000350203370000330206870000320210120171010125024.0171010b2011 uk 93 || |||| s0| vceng d04aPN1995.9.S47bM48 201103aUn método peligrosocDirección David Cronenberg ; Producción Jeremy Thomas ; Guion Christopher Hamptonh[videograbación] aA Dangerous Method aReino Unido :bProspero Pictures,c2011 a1 videodisco (98 min.)bsonido, colorc 4 3/4 plg. aMúsica Howard Shore, Fotografía Peter Suschitzky, Montaje Ronald Sanders0 aViggo Mortensen Michael Fassbender Keira Knightley Vincent Cassel aEn vísperas de la I Guerra Mundial, las bulliciosas calles de Zúrich y Viena sirven de marco para una oscura historia con trasfondo sexual e intelectual. El psiquiatra Carl Jung, de 29 años, está empezando su carrera profesional y vive en el hospital Burghölzli con su esposa embarazada. Jung ensaya el tratamiento experimental inventado por Sigmund Freud, el psicoanálisis o “curación por la palabra”, como también se conocía entonces, con Sabina Spielrein, una paciente de 18 años. Sabina es una joven rusa de origen judío, muy culta, que habla alemán a la perfección, con un diagnóstico de histeria que puede llevarla a la violencia. En sus conversaciones con Jung, Sabina revela haber tenido una infancia plagada de humillaciones y palizas que le infligía un padre autoritario. El psicoanálisis no tarda en sacar a la luz un inquietante elemento sexual en su disfunción, apoyando la teoría de Freud que relaciona la sexualidad con los trastornos emocionales. Jung y Freud traban amistad a través de un intercambio epistolar acerca de Sabina, y su primera reunión solo puede describirse como intensa y extensa. A la vez que la relación entre los dos psiquiatras se estrecha, Freud ve en Jung a su heredero intelectual; también lo hace la relación entre Jung y Sabina, una mujer brillante a pesar de su enfermedad. El tratamiento tiene éxito y Sabina decide convertirse en psiquiatra con el apoyo de Jung. a"C" aDVD aInglés, Alemán y Español 4aDrama psicológico1 a David CronenbergeDirección1 aJeremy ThomaseProducción 1 aChristopher HamptoneGuion